000
00245nam a22000857a 4500
008
230714b |||||||| |||| 00| 0 eng d
020
_a
9780983120537
100
_a
PADULA DEREK
_9
7699
245
_a
DRAGON BALL Z "IT'S OVER 9,000 WHEN WORLDVIEW'S COLLIDE
999
_c
12375
_d
12375